MARC

Tag First Indicator Second Indicator Subfields
LEADER 00000cas a2200000Ia 4500
001 in00003607253
005 20170928110149.0
007 hd afu---bucu
008 060822c19769999cauuu nea 0 0eng d
010 |a  2007209750 
029 1 |a AU@  |b 000011892693 
035 |a (OCoLC)ocm71012424 
040 |a IND  |b eng  |c IND  |d DLC  |d OCLCF  |d OCLCO  |d TXA  |d UtOrBLW 
042 |a lccopycat 
043 |a n-us-ca 
049 |a TXAM 
050 0 0 |a Newspaper 
050 1 4 |a E184.M5  |b C4535 Sec. 12, roll 33-35 
245 0 0 |a New indicator. 
264 1 |a La Jolla, Calif. :  |b New Indicator Collective 
300 |a volumes :  |b illustrations ;  |c 43 cm 
336 |a text  |b txt  |2 rdacontent 
337 |a microform  |b h  |2 rdamedia 
338 |a microfilm reel  |b hd  |2 rdacarrier 
362 1 |a Began with; Vol. 1, no. 7 (Feb. 17, 1976). 
530 |a Also issued in print. 
588 |a Description based on: Vol. 1, no. 7 (Feb. 17, 1976); title from caption. 
588 |a Latest issue consulted: Vol. 17, no. 10 (Apr. 23, 1992). 
533 |a Microfilm.  |b Sunnyvale, CA. :  |c Filmed by Library Microfilms, a Division of Bay Microfilm, Inc. and distributed [in conjunction with the Chicano Studies Collections, University of California, Berkeley].  |e 3 microfilm reels ; 35 mm.  |f (Chicano serials collection ; Sec. 12, roll 33-35)  |n Sec. 12, roll 33 filmed with earlier title. 
500 |a Microform. 
610 2 0 |a University of California, San Diego  |x Students  |v Newspapers. 
610 2 0 |a University of California, San Diego  |v Periodicals. 
650 0 |a Students  |z California  |z San Diego  |v Newspapers. 
650 0 |a Student movements  |z California  |v Newspapers. 
650 0 |a Socialism  |v Newspapers. 
651 0 |a La Jolla (San Diego, Calif.)  |v Newspapers. 
651 0 |a San Diego County (Calif.)  |v Newspapers. 
610 2 7 |a University of California, San Diego.  |2 fast  |0 (OCoLC)fst00531977 
650 7 |a Socialism.  |2 fast  |0 (OCoLC)fst01123637 
650 7 |a Student movements.  |2 fast  |0 (OCoLC)fst01135954 
650 7 |a Students.  |2 fast  |0 (OCoLC)fst01136041 
651 7 |a California  |z San Diego.  |2 fast  |0 (OCoLC)fst01205232 
651 7 |a California.  |2 fast  |0 (OCoLC)fst01204928 
651 7 |a California  |z San Diego County.  |2 fast  |0 (OCoLC)fst01204290 
651 7 |a California  |z San Diego  |z La Jolla.  |2 fast  |0 (OCoLC)fst01314585 
655 7 |a Newspapers.  |2 fast  |0 (OCoLC)fst01423814 
655 7 |a Periodicals.  |2 fast  |0 (OCoLC)fst01411641 
752 |a United States  |b California  |d La Jolla. 
776 1 |c Original  |w (OCoLC)13743519 
780 0 0 |t Natty dread  |w (OCoLC)71012228 
830 0 |a Chicano serials collection ;  |v Sec. 12, roll 33-35.  |0 http://id.loc.gov/authorities/names/no2003067927 
850 |a DLC 
994 |a C0  |b TXA 
948 |a cataloged  |b h  |c 2015/12/14  |d c  |e coplinger  |f 3:59:56 pm 
999 f f |s 0a6edc23-7c1f-33f2-a0e6-8202814aa4d7  |i 81173de8-9743-3b49-aba1-0e198fac9c8b  |t 0 
952 f f |a Texas A&M University  |b College Station  |c Sterling C. Evans Library  |d Evans: Microforms Film (3rd floor)  |t 0  |e E184.M5 C4535 Sec. 12, roll 33-35  |h Library of Congress classification 
998 f f |a E184.M5 C4535 Sec. 12, roll 33-35  |s 1976:Feb.17-1992:Apr.23  |t 0  |l Evans: Microforms Film (3rd floor)